Competencias emocionales para un cambio de paradigma en educación (Registro nro. 321708)

Detalles MARC
000 -ENCABEZADO
Número de control [NR] 01007nam a22002657a 4500
005 - FECHA Y HORA DE LA ÚLTIMA TRANSACCIÓN
control field 20251126143333.0
008 - DE LONGITUD FIJA DE DATOS DE ELEMENTOS - INFORMACIÓN GENERAL
Elementos de longitud fija [NR] 220927s2019 sp |||gr|||| 00| 0 spa d
020 ## - NUMERO INTERNACIONAL NORMALIZADO PARA LIBROS [R]
Número Internacional Normalizado del libro [NR] 9788494985744
040 ## - FUENTE DE CATALOGACION [NR]
Agencia de catalogación original [NR] CO-BoUCM
Idioma de catalogación [NR] spa
Quien Cataloga Deissy Garcia
Quien Clasifica David Moreno (modificó)
041 0# - CODIGO DE IDIOMA [R]
Código de idioma para texto/pista de sonido o título separado [R] Español
100 1# - ASIENTO PRINCIPAL--NOMBRE PERSONAL [NR]
Nombre personal [NR] Bisquerra Alzina, Rafael
ID Autoridad 175795
245 10 - MENCION DE TITULO [NR]
Título [NR] Competencias emocionales para un cambio de paradigma en educación
Mención de responsabilidad, etc. [NR] Rafael Bisquerra Alzina, Joan Mateo Andrés
260 ## - PUBLICACION, DISTRIBUCION, ETC. (PIE DE IMPRENTA) [R]
Lugar de publicación, distribución, etc. [R] Barcelona, España
Nombre del editor, distribuidor, etc. [R] Horsori
Fecha de publicación, distribución, etc. [R] 2019
300 ## - DESCRIPCION FISICA [R]
Extensión [R] 242 páginas
490 0# - MENCION DE SERIE [R]
Mención de serie [R] Cuadernos de educación
Designación numérica/secuencial del volumen [NR] 91
504 ## - NOTA DE BIBLIOGRAFIA, ETC. [R]
Nota de bibliografía, etc. [NR] Incluye referencias bibliográficas
650 #7 - ASIENTO SECUNDARIO DE MATERIA - TERMINO TEMATICO [R]
Término temático o nombre geográfico como elemento de entrada [NR] Habilidades sociales en niños
9 (RLIN) 16663
650 #7 - ASIENTO SECUNDARIO DE MATERIA - TERMINO TEMATICO [R]
Término temático o nombre geográfico como elemento de entrada [NR] Habilidades sociales en adolescentes
9 (RLIN) 175834
650 #7 - ASIENTO SECUNDARIO DE MATERIA - TERMINO TEMATICO [R]
Término temático o nombre geográfico como elemento de entrada [NR] Emociones y cognición
9 (RLIN) 14064
650 #7 - ASIENTO SECUNDARIO DE MATERIA - TERMINO TEMATICO [R]
Término temático o nombre geográfico como elemento de entrada [NR] Psicopedagogía
9 (RLIN) 22869
650 #7 - ASIENTO SECUNDARIO DE MATERIA - TERMINO TEMATICO [R]
Término temático o nombre geográfico como elemento de entrada [NR] Educación emocional
9 (RLIN) 175835
700 1# - ASIENTO SECUNDARIO - NOMBRE PERSONAL [R]
Nombre personal [NR] Mateo Andrés, Joan
9 (RLIN) 167970
942 ## - ELEMENTOS DE ENTRADA AGREGADOS (KOHA)
Sistema de clasificación DEWEY
Tipo de ítem principal el descrito en 300a Libro
Tema principal Educación
Edición 1
Clasificación 370.153
Parte restante de la signatura top. B622c
Título oculto en OPAC No
Existencias
Fecha de último préstamo Total préstamos Total Renewals Signatura topográfica Código de barras Última vez visto Ejemplar Costo de reposición Price effective from Tipo de ítem Perdido Sistema de clasificación Dañado No prestable Tipo de ítem específico Suprimido Ubicación habitual Ubicación actual Localización Fecha de creación Forma de adquisición Costo
12/08/2025 7 3 370.153 B622c 100170827 11/12/2025 Ej.1 165825.00 27/09/2022 Libro   DEWEY     Libro   Quinta de Mutis Quinta de Mutis Mezanecs 27/09/2022 Compra 165825.00
08/04/2026 1 2 370.153 B622c 100174637 14/05/2026 Ej.2   26/11/2025 Libro   DEWEY     Libro   Quinta de Mutis Quinta de Mutis Mezanecs 26/11/2025 Compra 132528.00